[Event "World Senior Teams +50"]
[Site "Radebeul GER"]
[Date "2016.06.30"]
[Round "5.14"]
[Board "1"]
[White "Bauer, Burkhard"]
[Black "Scheuermann, Bernhard"]
[Result "0-1"]
[WhiteElo "2056"]
[BlackElo "2229"]
[WhiteTeam "SV Aufbau Bernburg"]
[BlackTeam "SV Dresden-Striesen 1990 e.V."]
[WhiteFideId "24664553"]
[BlackFideId "16203283"]
[EventDate "2016.06.26"]

1. d4 d5 2. Bf4 Nf6 3. e3 c5 4. c3 Nc6 5. Nf3 Qb6 6. Qb3 c4 7. Qc2 Bf5 8. Qc1 e6
9. Be2 h6 10. h3 Be7 11. Nbd2 O-O 12. O-O Rfc8 13. Bd1 Qd8 14. Bc2 Bxc2 15. Qxc2
b5 16. a3 a5 17. Rfc1 Bd6 18. Bxd6 Qxd6 19. e4 dxe4 20. Nxe4 Nxe4 21. Qxe4 Rab8
22. Ne5 Nxe5 23. dxe5 Qc5 24. Rd1 Rd8 25. Rac1 Qc7 26. Kf1 Rd7 27. Ke1 Rbd8 28.
f4 Qc5 29. Ke2 Rxd1 30. Rxd1 Rxd1 31. Kxd1 Qg1+ 32. Kc2 Qf1 33. Qa8+ Kh7 34.
Qe4+ g6 35. Kd2 Kg7 36. Kc2 Qf2+ 37. Kc1 g5 38. fxg5 hxg5 39. a4 bxa4 40. Qxc4
Qg1+ 41. Kd2 Qxg2+ 42. Qe2 Qxh3 43. c4 Qb3 44. Ke1 a3 45. bxa3 Qxa3 46. Kf2 Qc5+
47. Kg2 a4 48. Kh3 Qd4 49. c5 Qxc5 50. Kg4 Qc1 0-1

[Event "World Senior Teams +50"]
[Site "Radebeul GER"]
[Date "2016.06.30"]
[Round "5.14"]
[Board "2"]
[White "Siegmund, Rainer"]
[Black "Schmidt, Joerg"]
[Result "1/2-1/2"]
[WhiteElo "2087"]
[BlackElo "2112"]
[WhiteTeam "SV Dresden-Striesen 1990 e.V."]
[BlackTeam "SV Aufbau Bernburg"]
[WhiteFideId "4614321"]
[BlackFideId "4641698"]
[EventDate "2016.06.26"]

1. d4 Nf6 2. c4 c5 3. d5 b5 4. cxb5 a6 5. b6 Qxb6 6. Nc3 d6 7. e4 g6 8. Nf3 Bg7
9. Be2 O-O 10. Nd2 Nbd7 11. Nc4 Qb7 12. O-O Nb6 13. Ne3 Bd7 14. a4 a5 15. Qc2
Ne8 16. b3 Nc7 17. Bb2 Na6 18. Nb5 Bxb2 19. Qxb2 Nc7 20. Nxc7 Qxc7 21. Qc3 Rfb8
22. Kh1 Qd8 1/2-1/2

[Event "World Senior Teams +50"]
[Site "Radebeul GER"]
[Date "2016.06.30"]
[Round "5.14"]
[Board "3"]
[White "Wagner, Bernd2"]
[Black "Lehmann, Wolfgang"]
[Result "1/2-1/2"]
[WhiteElo "1935"]
[BlackElo "2048"]
[WhiteTeam "SV Aufbau Bernburg"]
[BlackTeam "SV Dresden-Striesen 1990 e.V."]
[WhiteFideId "24601721"]
[BlackFideId "16212908"]
[EventDate "2016.06.26"]

1. d4 Nf6 2. Nf3 e6 3. e3 d5 4. Bd3 c5 5. b3 Nc6 6. Bb2 Be7 7. Nbd2 O-O 8. O-O
Nb4 9. Be2 b6 10. Ne5 Bb7 11. c3 Nc6 12. f4 Nd7 13. Bd3 f5 14. Nxd7 Qxd7 15. g4
g6 16. Rf2 Rf7 17. Rg2 a6 18. Qe2 b5 1/2-1/2

[Event "World Senior Teams +50"]
[Site "Radebeul GER"]
[Date "2016.06.30"]
[Round "5.14"]
[Board "4"]
[White "Glasewald, Stefan"]
[Black "Winnig, Bernd"]
[Result "1/2-1/2"]
[WhiteElo "2045"]
[BlackElo "1999"]
[WhiteTeam "SV Dresden-Striesen 1990 e.V."]
[BlackTeam "SV Aufbau Bernburg"]
[WhiteFideId "4656504"]
[BlackFideId "4673190"]
[EventDate "2016.06.26"]

1. d4 e6 2. e4 d5 3. Nc3 Nf6 4. Bg5 dxe4 5. Nxe4 Nbd7 6. Nf3 Be7 7. Nxf6+ Nxf6
8. c3 O-O 9. Bd3 c5 10. dxc5 Bxc5 11. Bxf6 Qxf6 12. O-O Rd8 13. Qe2 g6 14. Rad1
Bd7 15. Bb5 Bxb5 16. Qxb5 b6 17. a4 Rxd1 18. Rxd1 Rd8 19. Qe2 a6 20. Rxd8+ Qxd8
21. Qd2 Qc7 22. Qc2 1/2-1/2

[Event "World Senior Teams +50"]
[Site "Radebeul GER"]
[Date "2016.06.30"]
[Round "5.15"]
[Board "1"]
[White "Burchardt, Brigitte"]
[Black "Schultheis, Heinz"]
[Result "1-0"]
[WhiteTitle "WIM"]
[WhiteElo "2177"]
[BlackElo "2114"]
[WhiteTeam "Germany 1 Women"]
[BlackTeam "Schachfreunde Zeitz"]
[WhiteFideId "4612213"]
[BlackFideId "16212037"]
[EventDate "2016.06.26"]

1. e4 d6 2. d4 Nf6 3. Nc3 g6 4. Nf3 Bg7 5. Be2 O-O 6. h3 c5 7. Be3 cxd4 8. Nxd4
Nc6 9. O-O Bd7 10. Nxc6 Bxc6 11. Bf3 Nd7 12. Bd4 Bxd4 13. Qxd4 Qb6 14. Rfd1 Rfc8
15. Qxb6 Nxb6 16. a4 a5 17. Be2 Bd7 18. Rdb1 Be6 19. Bd3 Nc4 20. Nb5 Ne5 21. b4
Bc4 22. Ra3 Bxb5 23. axb5 axb4 24. Rxa8 Rxa8 25. Rxb4 Ra3 26. Bc4 Nd7 27. Rb2
Nc5 28. f3 Rc3 29. Be2 f5 30. exf5 gxf5 31. Kf2 Kg7 32. Ke1 Kf6 33. Kd2 Ra3 34.
Bc4 Ra1 35. Ke3 Re1+ 36. Kf2 Rc1 37. Ra2 e6 38. Be2 h5 39. h4 f4 40. c4 Ke5 41.
g3 fxg3+ 42. Kxg3 Rc3 43. Kf2 d5 44. cxd5 exd5 45. Ra8 Rc2 46. Ke1 Ne6 47. Re8
Rb2 48. f4+ Kf6 49. Bxh5 Nxf4 50. Bf3 Rxb5 51. h5 1-0

[Event "World Senior Teams +50"]
[Site "Radebeul GER"]
[Date "2016.06.30"]
[Round "5.15"]
[Board "2"]
[White "Reimann, Hubert"]
[Black "Wagner-Michel, Annett"]
[Result "0-1"]
[BlackTitle "WIM"]
[WhiteElo "1956"]
[BlackElo "2139"]
[WhiteTeam "Schachfreunde Zeitz"]
[BlackTeam "Germany 1 Women"]
[WhiteFideId "4698916"]
[BlackFideId "4612205"]
[EventDate "2016.06.26"]

1. d4 Nf6 2. c4 e6 3. Nc3 d5 4. e3 b6 5. Nf3 Be7 6. Qc2 O-O 7. b3 c5 8. Bb2 Nc6
9. a3 cxd4 10. exd4 Re8 11. Bd3 Ba6 12. Ne2 Rc8 13. Rc1 g6 14. c5 Bxd3 15. Qxd3
bxc5 16. dxc5 e5 17. Nxe5 Nxe5 18. Bxe5 Bxc5 19. Bxf6 Qxf6 20. O-O Qe5 21. b4
Bd6 22. Ng3 h5 23. Rfd1 Rxc1 24. Rxc1 Qb2 25. Rd1 Re5 26. Nf1 Rf5 27. Rd2 Qa1
28. Rd1 Qf6 29. Qd4 Be5 30. Qxa7 d4 31. Qa8+ Kg7 32. f3 h4 33. h3 Qg5 34. Qe4
Bf6 35. Qg4 Qh6 36. Qe4 Qg5 37. a4 Rf4 38. Qd3 Rf5 39. b5 Rc5 40. Qd2 Qf5 41. b6
Qc8 42. Qb4 Rc2 43. b7 Qb8 44. a5 Be5 45. a6 Qa7 46. Qe1 d3+ 47. Kh1 Re2 48. Qa5
Bf4 49. Qc3+ f6 50. Qxd3 Qf2 51. Qd7+ Kh6 52. Qg4 Bg5 53. Ne3 Re1+ 0-1

[Event "World Senior Teams +50"]
[Site "Radebeul GER"]
[Date "2016.06.30"]
[Round "5.15"]
[Board "3"]
[White "Mai, Iris"]
[Black "Wilke, Frank"]
[Result "1-0"]
[WhiteTitle "WIM"]
[WhiteElo "2094"]
[BlackElo "1920"]
[WhiteTeam "Germany 1 Women"]
[BlackTeam "Schachfreunde Zeitz"]
[WhiteFideId "4627393"]
[BlackFideId "16219210"]
[EventDate "2016.06.26"]

1. d4 e6 2. c4 d5 3. Nc3 c6 4. Nf3 Nf6 5. Bg5 Be7 6. e3 Nbd7 7. Qc2 O-O 8. Bd3
Re8 9. O-O Nf8 10. Rab1 dxc4 11. Bxc4 Nd5 12. Bxe7 Nxe7 13. b4 Nf5 14. Rfc1 Kh8
15. Bd3 Nd6 16. a4 f6 17. b5 Bd7 18. Ne4 Nf7 19. Nc5 Bc8 20. bxc6 bxc6 21. Be4
Qd6 22. Nb3 Bd7 23. Nc5 Bc8 24. a5 Nd8 25. a6 Re7 26. Qa4 Rc7 27. Qa5 Nd7 28.
Nd2 Nb6 29. Nc4 Nxc4 30. Rxc4 g6 31. h3 Kg7 32. Bf3 e5 33. Ne4 Qe7 34. d5 Nf7
35. Rxc6 Rxc6 36. dxc6 f5 37. c7 1-0

[Event "World Senior Teams +50"]
[Site "Radebeul GER"]
[Date "2016.06.30"]
[Round "5.15"]
[Board "4"]
[White "Just, Fred"]
[Black "Wolf, Sylvia"]
[Result "1/2-1/2"]
[BlackTitle "WFM"]
[WhiteElo "2152"]
[BlackElo "2034"]
[WhiteTeam "Schachfreunde Zeitz"]
[BlackTeam "Germany 1 Women"]
[WhiteFideId "4643097"]
[BlackFideId "4612701"]
[EventDate "2016.06.26"]

1. d4 Nf6 2. Nf3 e6 3. c4 d5 4. e3 Be7 5. Nc3 O-O 6. Bd3 c5 7. O-O Nc6 8. a3
cxd4 9. exd4 dxc4 10. Bxc4 Qc7 11. Qe2 Rd8 12. Rd1 Nd5 13. Ba2 a6 14. Ne4 Nf6
15. Bg5 Nxe4 16. Qxe4 h6 17. Bf4 Bd6 18. Be5 Qe7 19. Rac1 Bd7 20. Bb1 f5 21. Qd3
Be8 22. Qb3 Bxe5 23. dxe5 Bh5 24. Bxf5 Bxf3 25. Qxe6+ Qxe6 26. Bxe6+ Kf8 27.
gxf3 Nxe5 28. Rxd8+ Rxd8 29. Rc8 Ke7 30. Rxd8 Kxd8 31. Bd5 b6 32. Kg2 Kc7 33. b4
Kd6 34. Bb3 a5 35. f4 Nc6 36. bxa5 bxa5 37. Kg3 Nd4 38. Bd1 Kd5 39. Kg4 Ke6 40.
Ba4 Kf6 41. h4 Ne6 42. Kf3 Nc5 43. Bc2 Ke6 44. Kg4 Kf6 45. f5 Ke5 46. f4+ 1/2-1/2

[Event "World Senior Teams +50"]
[Site "Radebeul GER"]
[Date "2016.06.30"]
[Round "5.16"]
[Board "1"]
[White "Fraser-Mitchell, Jeremy N"]
[Black "Krebs, Johann"]
[Result "0-1"]
[BlackTitle "FM"]
[WhiteElo "2061"]
[BlackElo "2273"]
[WhiteTeam "England 3"]
[BlackTeam "Graz"]
[WhiteFideId "405000"]
[BlackFideId "1603590"]
[EventDate "2016.06.26"]

1. d4 Nf6 2. c4 c5 3. d5 e6 4. Nc3 exd5 5. cxd5 d6 6. e4 g6 7. f3 Bg7 8. Bg5 O-O
9. Qd2 Re8 10. Nge2 Nbd7 11. Ng3 a6 12. a4 Qa5 13. Ra3 h5 14. Be2 Nh7 15. Bf4
Ne5 16. O-O h4 17. Nh1 Bd7 18. Nf2 Qb4 19. Rb1 c4 20. a5 f5 21. Na4 Qxd2 22.
Bxd2 fxe4 23. fxe4 Rad8 24. Nb6 Bb5 25. Bc3 Ng5 26. Rd1 Re7 27. Bd4 c3 28. Bxb5
Nef3+ 29. gxf3 Bxd4 30. bxc3 Bc5 31. Ra2 axb5 32. Kg2 Rf8 33. Rd3 Ref7 34. Ng4
h3+ 35. Kg3 Rxf3+ 36. Rxf3 Rxf3+ 37. Kh4 Nxe4 38. Nd7 Kg7 39. Re2 Nxc3 40. Re7+
Rf7 41. Rxf7+ Kxf7 0-1

[Event "World Senior Teams +50"]
[Site "Radebeul GER"]
[Date "2016.06.30"]
[Round "5.16"]
[Board "2"]
[White "Wegerer, Fred"]
[Black "Thurstan, Tim M"]
[Result "1/2-1/2"]
[WhiteTitle "FM"]
[BlackTitle "CM"]
[WhiteElo "2110"]
[BlackElo "2079"]
[WhiteTeam "Graz"]
[BlackTeam "England 3"]
[WhiteFideId "1601113"]
[BlackFideId "425443"]
[EventDate "2016.06.26"]

1. Nf3 Nf6 2. g3 d5 3. Bg2 e6 4. O-O Be7 5. d3 c5 6. Nbd2 Nc6 7. e4 Qc7 8. Re1
b6 9. h3 Bb7 10. c3 O-O-O 11. Qa4 a6 12. a3 b5 13. Qc2 h6 14. exd5 exd5 15. d4
Rhe8 16. dxc5 Bxc5 17. Rxe8 Rxe8 18. Qf5+ Kb8 19. Nb3 Bd6 20. Nbd4 Bc8 21. Qd3
Ne4 22. Be3 Nxd4 23. Nxd4 Qc4 24. Rd1 Qxd3 25. Rxd3 Kc7 26. g4 Bd7 27. Ne2 Bc6
28. Nf4 Bxf4 29. Bxf4+ Kb6 30. Be3+ Kc7 31. Bd4 f6 32. Be3 Kd7 33. Bf4 Nc5 34.
Rd1 Ne4 35. Kf1 Re7 36. Bf3 Re8 37. Be3 Kd6 38. Rd4 Ke5 39. Kg2 Kd6 40. Bd1 Re7
41. Bf4+ Ke6 42. Bc2 Kd7 43. Bb3 g5 44. Bh2 Re5 45. Bxe5 fxe5 46. Rd1 Kd6 47. f3
Nc5 48. Bc2 Ne6 49. Kg3 Nf4 50. h4 Kc5 51. hxg5 hxg5 52. Re1 Kd6 53. Kf2 d4 54.
Bh7 Nh3+ 55. Kg3 Nf4 56. Kf2 Nh3+ 57. Kg3 Nf4 58. Kf2 Nh3+ 1/2-1/2

[Event "World Senior Teams +50"]
[Site "Radebeul GER"]
[Date "2016.06.30"]
[Round "5.16"]
[Board "3"]
[White "Cross, Ian K"]
[Black "Detter, Peter"]
[Result "1/2-1/2"]
[WhiteElo "1685"]
[BlackElo "2028"]
[WhiteTeam "England 3"]
[BlackTeam "Graz"]
[WhiteFideId "470155"]
[BlackFideId "1603680"]
[EventDate "2016.06.26"]

1. d4 Nf6 2. Bf4 c5 3. c3 e6 4. Nf3 d5 5. e3 Nc6 6. Nbd2 cxd4 7. exd4 Be7 8. Bd3
O-O 9. Ne5 Nxe5 10. dxe5 Nd7 11. O-O b6 12. Nf3 f5 13. Nd4 Nc5 14. Be2 Bd7 1/2-1/2

[Event "World Senior Teams +50"]
[Site "Radebeul GER"]
[Date "2016.06.30"]
[Round "5.16"]
[Board "4"]
[White "Kainz, Josef"]
[Black "Majer, Chris E"]
[Result "1/2-1/2"]
[WhiteElo "1877"]
[BlackElo "1915"]
[WhiteTeam "Graz"]
[BlackTeam "England 3"]
[WhiteFideId "1613030"]
[BlackFideId "411876"]
[EventDate "2016.06.26"]

1. d4 Nf6 2. c4 c5 3. d5 b5 4. cxb5 a6 5. bxa6 g6 6. Nc3 Bxa6 7. Nf3 Bg7 8. e4
Bxf1 9. Kxf1 d6 10. g3 Nbd7 11. Kg2 O-O 12. a4 Qa5 13. Bd2 Rfc8 14. Qe2 Qa6 15.
Nb5 Ne8 16. Bc3 Nc7 17. Rhe1 Nxb5 18. axb5 Qxa1 19. Rxa1 Rxa1 20. e5 Nxe5 21.
Nxe5 Bxe5 22. Bxe5 dxe5 23. Qxe5 Ra7 24. h4 h5 25. f4 Rd7 26. f5 Rcd8 27. fxg6
fxg6 28. Qe6+ Kg7 29. b6 Rb7 30. Qc6 Rdb8 31. Qxc5 Kf7 32. Qf2+ Kg7 33. Qd4+ Kf7
34. Qf4+ Kg7 35. Qe5+ Kf7 36. Qe6+ Kg7 37. Qe5+ Kf7 38. Qe6+ Kg7 39. Kf3 Rxb6
40. Qxe7+ Kh6 41. Ke4 Rxb2 42. Qg5+ Kh7 43. Ke5 Re2+ 44. Kd6 Re1 45. g4 hxg4 46.
Qxg4 Rbb1 47. h5 gxh5 48. Qxh5+ Kg7 49. Kc5 Rbc1+ 50. Kd6 Rb1 51. Qf5 1/2-1/2

[Event "World Senior Teams +50"]
[Site "Radebeul GER"]
[Date "2016.06.30"]
[Round "5.17"]
[Board "1"]
[White "Holst, Conny"]
[Black "Giulian, Philip M"]
[Result "1/2-1/2"]
[BlackTitle "FM"]
[WhiteElo "2148"]
[BlackElo "2127"]
[WhiteTeam "Sweden"]
[BlackTeam "Scotland"]
[WhiteFideId "1701428"]
[BlackFideId "2400197"]
[EventDate "2016.06.26"]

1. d4 f5 2. c4 Nf6 3. Nf3 g6 4. g3 Bg7 5. Bg2 d6 6. O-O O-O 7. Nc3 c6 8. d5 e5
9. dxe6 Bxe6 10. b3 Na6 11. Bb2 Qe7 12. Qd2 Rad8 13. Nd4 Bd7 14. Rad1 Nc5 15. b4
Nce4 16. Qc2 Nxc3 17. Bxc3 Ne4 18. Be1 a6 19. c5 Bc8 20. e3 Rfe8 21. cxd6 Qxd6
22. a4 Qe5 23. b5 axb5 24. axb5 c5 25. Nf3 Qf6 26. Rxd8 Rxd8 27. Nd2 Nxd2 28.
Bxd2 b6 29. e4 fxe4 30. Bxe4 Be6 31. h4 Qf7 32. h5 Bb3 33. hxg6 hxg6 34. Qc1 Bd4
35. Be3 Bd5 36. Bxd5 Rxd5 37. Bxd4 Rxd4 38. Re1 Kg7 39. Qg5 Rd5 40. Qe3 Rf5 41.
Rd1 1/2-1/2

[Event "World Senior Teams +50"]
[Site "Radebeul GER"]
[Date "2016.06.30"]
[Round "5.17"]
[Board "2"]
[White "Findlay, David John"]
[Black "Wademark, Helge"]
[Result "1-0"]
[WhiteElo "2132"]
[BlackElo "2067"]
[WhiteTeam "Scotland"]
[BlackTeam "Sweden"]
[WhiteFideId "2400278"]
[BlackFideId "1701606"]
[EventDate "2016.06.26"]

1. e4 e6 2. d4 d5 3. Nc3 Nf6 4. e5 Nfd7 5. Nf3 c5 6. dxc5 Nc6 7. Bf4 Nxc5 8. Bd3
Be7 9. O-O O-O 10. Re1 Bd7 11. Qd2 Nxd3 12. Qxd3 Rc8 13. a3 Na5 14. Nd4 Bg5 15.
Nce2 a6 16. Qg3 h6 17. Nf3 Bxf4 18. Nxf4 Kh7 19. Nd4 Nc6 20. Rad1 Nxd4 21. Rxd4
Qg5 22. Qd3+ Kh8 23. h4 Qe7 24. Nh5 Rg8 25. Rg4 Rc4 26. Qg3 Rxg4 27. Qxg4 Qc5
28. c3 Bb5 29. Qf4 Qc4 30. Qxf7 Be8 31. Qf3 Qxh4 32. Nf4 Qe7 33. Qg4 Bf7 34. Re3
g5 35. Ne2 h5 36. Qg3 Kh7 37. Nd4 g4 38. Qf4 Rf8 39. Re2 Bg6 40. Qe3 Be4 41. f3
Qh4 42. fxe4 1-0

[Event "World Senior Teams +50"]
[Site "Radebeul GER"]
[Date "2016.06.30"]
[Round "5.17"]
[Board "3"]
[White "Gromark, Per-Olof"]
[Black "Giulian, Rosemary A"]
[Result "0-1"]
[WhiteElo "2003"]
[BlackElo "1864"]
[WhiteTeam "Sweden"]
[BlackTeam "Scotland"]
[WhiteFideId "1722433"]
[BlackFideId "2400375"]
[EventDate "2016.06.26"]

1. Nf3 e6 2. c4 Nf6 3. g3 d5 4. Bg2 d4 5. O-O c5 6. e3 Nc6 7. exd4 cxd4 8. Re1
Bd6 9. d3 O-O 10. Bg5 h6 11. Bxf6 Qxf6 12. Na3 a6 13. Nc2 e5 14. b4 Bg4 15. h3
Bh5 16. g4 Bg6 17. c5 Bc7 18. Qe2 Qd8 19. Nd2 Qh4 20. Ne4 f5 21. gxf5 Bxf5 22.
Kh2 Bxe4 23. Qxe4 Qxe4 24. Rxe4 Rxf2 25. Ne1 Raf8 26. a3 Rb2 27. Kg1 Rff2 28.
Rg4 Bd8 29. Bd5+ Kf8 30. Rg2 Rxg2+ 31. Nxg2 a5 32. Rf1+ Bf6 33. Bxc6 bxc6 34.
bxa5 Rb5 35. a6 Ra5 36. Rb1 Rxa6 37. Rb6 Rxa3 38. Ne1 Rc3 39. Rxc6 Rc1 0-1

[Event "World Senior Teams +50"]
[Site "Radebeul GER"]
[Date "2016.06.30"]
[Round "5.17"]
[Board "4"]
[White "Jennings, Richard"]
[Black "Kirppo, Ronny"]
[Result "0-1"]
[WhiteElo "1855"]
[BlackElo "1823"]
[WhiteTeam "Scotland"]
[BlackTeam "Sweden"]
[WhiteFideId "2404435"]
[BlackFideId "1724681"]
[EventDate "2016.06.26"]

1. c4 e5 2. Nc3 Nf6 3. Nf3 Nc6 4. d4 e4 5. Nd2 Bb4 6. e3 Bxc3 7. bxc3 d6 8. Be2
O-O 9. O-O Re8 10. Rb1 a6 11. Qe1 b6 12. f3 exf3 13. Bxf3 Bb7 14. Qg3 Qe7 15.
Kh1 Na5 16. Bxb7 Nxb7 17. Qf3 d5 18. cxd5 Qxe3 19. Qd1 Qe2 20. c4 Na5 21. Bb2
Qxd1 22. Rbxd1 Re2 23. Bc3 Nb7 24. Rfe1 Rae8 25. Rxe2 Rxe2 26. Kg1 Nd6 27. Bb4
Nf5 28. a4 Ne3 29. Rb1 Rxg2+ 30. Kh1 Nfg4 31. Ne4 Rxh2+ 32. Kg1 Rg2+ 33. Kh1 f5
34. Bd2 Rh2+ 35. Kg1 Rg2+ 36. Kh1 fxe4 37. Bxe3 Nxe3 38. Re1 Rg3 39. Kh2 Rf3 40.
a5 Nxc4 41. Rxe4 Kf7 42. Kg2 Rf5 43. axb6 cxb6 44. Re6 Nd6 0-1

[Event "World Senior Teams +50"]
[Site "Radebeul GER"]
[Date "2016.06.30"]
[Round "5.18"]
[Board "1"]
[White "Siggelkow, Axel"]
[Black "Waschk, Armin"]
[Result "0-1"]
[WhiteElo "2038"]
[BlackElo "2183"]
[WhiteTeam "BSV Chemie Radebeul"]
[BlackTeam "Dettmann"]
[WhiteFideId "24681350"]
[BlackFideId "4630866"]
[EventDate "2016.06.26"]

1. d4 Nf6 2. Nf3 e6 3. g3 d5 4. c4 dxc4 5. Qa4+ Bd7 6. Qxc4 Nc6 7. Bg2 Nd5 8. a3
Be7 9. O-O O-O 10. e4 Nb6 11. Qc2 Rc8 12. Nc3 Nb8 13. Rd1 c5 14. d5 exd5 15.
Nxd5 Nxd5 16. exd5 Bf6 17. Bd2 Bg4 18. Bc3 Nd7 19. Re1 Nb6 20. Ne5 Bh5 21. d6
Qxd6 22. Bxb7 Rce8 23. Qf5 Bg6 24. Nxg6 fxg6 25. Qc2 Bd4 26. Rxe8 Rxe8 27. Re1
Rxe1+ 28. Bxe1 Qe7 29. Be4 Bxb2 30. a4 Bd4 31. a5 Nd7 32. Kg2 h6 33. Bd2 Qf7 34.
Bc1 Kh7 35. h4 h5 36. Bf4 Nf6 37. Bf3 Qe6 38. Qd3 Qe1 39. Qd2 Qxd2 40. Bxd2 c4
41. Bc1 Nd7 42. Bd5 c3 43. Kf1 Nc5 44. Ke2 c2 45. f3 Bc3 46. a6 Nxa6 47. Kd3 Be1
48. Kxc2 Nb4+ 49. Kd1 Bxg3 50. Be4 Bxh4 51. Ba3 a5 52. Ke2 Kh6 53. Ke3 Be7 54.
Ke2 Bd6 55. Kf1 Kg5 56. Kg2 Kf6 57. Bb2+ Be5 58. Bxe5+ Kxe5 59. Bxg6 a4 60. Bxh5
a3 0-1

[Event "World Senior Teams +50"]
[Site "Radebeul GER"]
[Date "2016.06.30"]
[Round "5.18"]
[Board "2"]
[White "Dettmann, Gerd"]
[Black "Westphal, Norbert"]
[Result "1-0"]
[WhiteElo "2187"]
[BlackElo "1965"]
[WhiteTeam "Dettmann"]
[BlackTeam "BSV Chemie Radebeul"]
[WhiteFideId "4630815"]
[BlackFideId "12973610"]
[EventDate "2016.06.26"]

1. e4 Nf6 2. Nc3 e5 3. Nf3 Nc6 4. Bc4 Bc5 5. d3 h6 6. Be3 Qe7 7. Bxc5 Qxc5 8.
O-O Na5 9. Nd2 Nxc4 10. Nxc4 c6 11. a3 b5 12. b4 Qe7 13. Na5 Qd6 14. Qf3 O-O 15.
Rad1 Re8 16. Rfe1 Qd4 17. Nb1 Qb6 18. c4 c5 19. cxb5 Qxb5 20. Nc3 Qa6 21. Nc4
cxb4 22. axb4 Re6 23. h3 Qb7 24. b5 Qc7 25. Ra1 Bb7 26. Ra3 Qc5 27. Rea1 d5 28.
Na5 dxe4 29. dxe4 Rb8 30. Ra4 Qb6 31. Qe2 Ra8 32. Qc4 Rc8 33. Qb3 Ba8 34. Rc4
Rxc4 35. Qxc4 Kh7 36. Nb3 Re7 37. Ra6 Rc7 38. Qb4 Qb8 39. f3 Qc8 40. Na4 Nd7 41.
Kh2 Qb8 42. Rd6 Rb7 43. Qd2 Qc8 44. Nc3 Rc7 45. Nd5 Bxd5 46. Qxd5 f6 47. Rc6 Nb8
48. Rxc7 Qxc7 49. Nc5 Qe7 50. Ne6 h5 51. Nd8 Qc7 52. Nc6 a5 53. Qe6 a4 54. Ne7
Kh6 55. Qf7 Kg5 56. Qxg7+ 1-0

[Event "World Senior Teams +50"]
[Site "Radebeul GER"]
[Date "2016.06.30"]
[Round "5.18"]
[Board "3"]
[White "Muehlberg, Frank"]
[Black "Dettmann, Holger"]
[Result "1/2-1/2"]
[WhiteElo "1929"]
[BlackElo "2040"]
[WhiteTeam "BSV Chemie Radebeul"]
[BlackTeam "Dettmann"]
[WhiteFideId "4680235"]
[BlackFideId "24636320"]
[EventDate "2016.06.26"]

1. d4 Nf6 2. c4 g6 3. Nc3 Bg7 4. e4 d6 5. f3 Nbd7 6. Be3 c6 7. Bd3 a6 8. Nge2 b5
9. Qd2 h5 10. O-O Bb7 11. Rad1 e6 12. Kh1 Qe7 13. Bg5 e5 14. cxb5 cxb5 15. b4
O-O 16. d5 Rac8 17. a4 bxa4 18. Nxa4 Rc7 19. Rc1 Rfc8 20. Rxc7 Rxc7 21. Rc1 Qd8
22. Be3 Bf8 23. Rc3 Ne8 24. Kg1 Ng7 25. Qc1 1/2-1/2

[Event "World Senior Teams +50"]
[Site "Radebeul GER"]
[Date "2016.06.30"]
[Round "5.19"]
[Board "1"]
[White "Vogelmann, Peter"]
[Black "Wilen, Eero"]
[Result "1-0"]
[WhiteElo "2227"]
[BlackElo "2061"]
[WhiteTeam "SF Monheim Revival"]
[BlackTeam "Finland"]
[WhiteFideId "4634330"]
[BlackFideId "501042"]
[EventDate "2016.06.26"]

1. e4 e5 2. Nf3 Nc6 3. c3 Nf6 4. d4 Nxe4 5. d5 Nb8 6. Nxe5 Be7 7. Qg4 Nd6 8. Bd3
Bf6 9. Nf3 O-O 10. O-O Ne8 11. Bg5 d6 12. Qh4 h6 13. Qe4 g6 14. Bxh6 Ng7 15. Qf4
Nh5 16. Qa4 Re8 17. Nbd2 Nd7 18. Rae1 Ne5 19. Nxe5 Rxe5 20. Nf3 Bd7 21. Qc2 Rxd5
22. c4 Rxd3 23. Qxd3 Ng7 24. Bxg7 Kxg7 25. b3 a6 26. Rd1 Qh8 27. Rfe1 Re8 28.
Rxe8 Qxe8 29. Re1 Qc8 30. Nd4 Qh8 31. Qe3 Qh5 32. h3 c5 33. Ne2 Bc6 34. Nf4 Qf5
35. g4 Qc2 36. Nd5 Bxd5 37. cxd5 Qxa2 38. Kg2 Be5 39. Re2 Qa1 40. h4 Qd1 41. Qf3
Qd4 42. Qe4 Qd1 43. Re3 b5 44. Rf3 Qd2 45. Rd3 Qc2 46. h5 a5 47. Qf3 Qc1 48. Re3
f6 49. Qe4 1-0

[Event "World Senior Teams +50"]
[Site "Radebeul GER"]
[Date "2016.06.30"]
[Round "5.19"]
[Board "2"]
[White "Munukka, Timo"]
[Black "Huelsmann, Josef"]
[Result "1/2-1/2"]
[WhiteElo "1945"]
[BlackElo "2211"]
[WhiteTeam "Finland"]
[BlackTeam "SF Monheim Revival"]
[WhiteFideId "502723"]
[BlackFideId "4607929"]
[EventDate "2016.06.26"]

1. d4 d5 2. c4 e6 3. Nc3 c5 4. cxd5 cxd4 5. Qxd4 Nc6 6. Qa4 exd5 7. Nf3 Nf6 8.
Bg5 Be7 9. g3 O-O 10. Bg2 h6 11. Be3 Ng4 12. Bd4 Be6 13. O-O a6 14. h3 Nf6 15.
Be3 b5 16. Qd1 Qd7 17. Kh2 Rac8 18. Rc1 Rfd8 19. Bb6 Re8 20. Nd4 Nxd4 21. Bxd4
b4 22. Bxf6 Bxf6 23. Nxd5 Bxb2 24. Rxc8 Qxc8 25. Nxb4 Qc4 26. Nd3 Qxa2 27. Nxb2
Qxb2 28. Qa4 Qb5 29. Ra1 Bc4 30. e3 Rb8 31. Qa3 Qb4 32. Qxb4 Rxb4 33. Bc6 Rb6
34. Bf3 Kf8 35. Kg2 Ke7 36. Ra5 Kd6 37. Be4 Rb4 38. g4 Be2 39. Bd5 f6 40. e4 Rb6 1/2-1/2

[Event "World Senior Teams +50"]
[Site "Radebeul GER"]
[Date "2016.06.30"]
[Round "5.19"]
[Board "3"]
[White "Weber, Franz-Josef"]
[Black "Karppinen, Martti"]
[Result "1/2-1/2"]
[WhiteElo "2136"]
[BlackElo "1916"]
[WhiteTeam "SF Monheim Revival"]
[BlackTeam "Finland"]
[WhiteFideId "4684320"]
[BlackFideId "507369"]
[EventDate "2016.06.26"]

1. e4 c5 2. Nf3 Nc6 3. Nc3 d6 4. d4 cxd4 5. Nxd4 Nxd4 6. Qxd4 e6 7. Be3 Ne7 8.
O-O-O Nc6 9. Qd2 Be7 10. Bc4 O-O 11. f4 a6 12. g4 b5 13. Bb3 Na5 14. g5 Nxb3+
15. axb3 Bb7 16. Qd4 Qa5 17. b4 Qc7 18. Rhg1 Rac8 19. f5 d5 20. f6 e5 21. Qb6
Qxb6 22. Bxb6 Bxb4 23. Nxd5 Bc5 24. Ne7+ Bxe7 25. fxe7 Rfe8 26. Rd8 Bxe4 27. Re1
Bg6 28. Rxe8+ Rxe8 29. Rxe5 f6 30. gxf6 gxf6 31. Re3 Kf7 32. Bc5 Rc8 33. b4 a5
34. bxa5 Ke8 35. Rc3 b4 36. Bxb4 Rxc3 37. Bxc3 Kxe7 38. a6 Be4 39. Kd2 f5 40.
Bd4 Kd6 41. c4 Bg2 42. Kc3 Kc6 43. Kb4 Be4 44. Be3 Bf3 45. Kc3 Be4 46. a7 Kd6
47. Kd4 Bg2 48. Bf4+ Ke6 49. Kc5 Kd7 50. Kd4 Ke6 51. Kc5 1/2-1/2